000 00460nam a2200193Ia 4500
005 20240823023231.0
008 240823s9999||||xx |||||||||||||| ||und||
020 _a978-81-317-0412-7
041 _aENGLISH
082 _A005.82 P8
100 _aRichard E Smith
245 0 _aInternet Cryptography
250 _a1st
260 _c2008
_b"Person,Singapore"
500 _aYES
650 _aCryptography
_bComputer Science
942 _cBK
999 _c181059
_d181059